|
|
|
|
| LEADER |
00000nam2a2200000 4500 |
| 001 |
145900 |
| 005 |
20260225071558.0 |
| 010 |
|
|
|a 5710777161
|
| 035 |
|
|
|a (RuTPU)RU\TPU\book\158149
|
| 090 |
|
|
|a 145900
|
| 100 |
|
|
|a 20081023d2005 m y0rusy50 ca
|
| 101 |
0 |
|
|a rus
|
| 102 |
|
|
|a RU
|
| 105 |
|
|
|a y j 000zy
|
| 200 |
0 |
|
|a Ч. 1: 1917-1945
|
| 210 |
|
|
|d 2005
|
| 215 |
|
|
|a 480 с.
|
| 330 |
|
|
|a Историко-документальный материал, представленный в хрестоматии, охватывает все наиболее важные этапы новейшей истории России (1917—2004). Документы и материалы, вошедшие в первую часть хрестоматии, освещают события революционных потрясений 1917 г., Гражданской войны и интервенции, экономической, социально-культурной и политической истории 20—30-х гг., Великой Отечественной войны. В хрестоматию включены официальные государственные и партийные документы, материалы периодической печати, архивные источники (ряд из них публикуется, впервые). Представлены также материалы российского зарубежья.
|
| 451 |
|
1 |
|0 (RuTPU)RU\TPU\book\3069
|y 5-87065-0828
|t Хрестоматия по отечественной истории (1914-1945)
|f Под ред. А. Ф. Киселева, Э. М. Щагина
|c М.
|n Владос
|d 1996
|p 896 с.
|
| 461 |
|
1 |
|0 (RuTPU)RU\TPU\book\173988
|y 5-7107-7955-5
|t Хрестоматия по новейшей истории России. 1917-2004
|o учебное пособие в 2-х частях
|f под ред. А. Ф. Киселева и Э. М. Щагина
|v Ч. 1: 1917-1945
|d 2005
|s Высшее образование
|
| 606 |
|
|
|7 ca
|8 rus
|a Россия
|x История
|z 20 в. - ...
|9 83439
|
| 610 |
1 |
|
|a хрестоматии
|
| 610 |
1 |
|
|a документы
|
| 610 |
1 |
|
|a Февральская революция 1917
|
| 610 |
1 |
|
|a Октябрьская революция 1917
|
| 610 |
1 |
|
|a Гражданская война 1918-1921
|
| 610 |
1 |
|
|a Советская Россия
|
| 610 |
1 |
|
|a НЭП
|
| 610 |
1 |
|
|a социалистическая модернизация
|
| 610 |
1 |
|
|a русское зарубежье
|
| 610 |
1 |
|
|a Вторая мировая война 1939-1945
|
| 610 |
1 |
|
|a Великая Отечественная война 1941-1945
|
| 686 |
|
|
|a Т3(2)6
|2 rubbk
|
| 801 |
|
1 |
|a RU
|b 63413507
|c 20081023
|g PSBO
|
| 801 |
|
2 |
|a RU
|b 63413507
|c 20140212
|g PSBO
|
| 942 |
|
|
|c BK
|